000 00929nam a2200253Ia 4500
003 OSt
005 20221005112123.0
006 a|||||r|||| 00| 0
007 ta
008 221004b |||||||| |||| 00| 0 pan d
020 _a817770091X (hbk)
_c200
024 _a106205
037 _b503, 02/02/2011, H.K. Prakashan
_cTextual
040 _aCRL
_cCRL
_bpan
041 _2pan
_apan
082 _aO153:g, P3
100 _aਭਾਟੀਆ, ਹਰਿਭਜਨ ਸਿੰਘ
245 0 _aਡਾ. ਅਤਰ ਸਿੰਘ
_b ਸਾਹਿਤ ਚਿੰਤਨ
260 _aਅਮ੍ਰਿਤਸਰ
_bਗੁਰੂ ਨਾਨਕ ਦੇਵ ਯੂਨੀਵਰਸਿਟੀ ਭਾਰਤ
_c2003
300 _a228ਪੰ
_ccm.
650 _aਪੰਜਾਬੀ ਸਾਹਿਤ
942 _hO153:g, P3
_cTEXL
_2cc
999 _c1023880
_d1023880